| 000 | 01562cam a2200301 4500 | ||
|---|---|---|---|
| 001 | L126709 | ||
| 002 | ##7966 | ||
| 008 | #DATE s2005 000 0 eng u | ||
| 020 | _a1842191969 | ||
| 035 | _a(Sirsi) u126709 | ||
| 041 | 0 | _aeng | |
| 050 | 0 | 4 | _a333.332 $2 18 |
| 110 | 2 |
_aRoyal Institution of Chartered Surveyors _94900 |
|
| 245 | 0 | 4 |
_aThe RICS homebuyer survey and valuation service 2005 _bHSV practice notes |
| 250 | _a2nd ed. | ||
| 260 |
_aLondon _bRICS _c2005 |
||
| 300 |
_aiv, 50p. _c30cm. |
||
| 350 | _a20 | ||
| 490 | 0 | _aRICS Practice Notes | |
| 520 | _aWithdrawn 31 March 2010. Superseded by Homebuyer report 2009 3rd edition (ISBN 9781842194591). | ||
| 520 | _aDescribes the professional obligations incumbent on all surveyors undertaking a HSV report and gives precise instructions on how to complete a HSV correctly. It comprises the following parts: Part A: practice notes; Part B: documentation; Part C: report form and checklists and Part D: appendices. The Practice Notes include all the material relating to the "RICS Homebuyer Survey and Valuation (HSV) Service", which is referred to in UKPS 4.1 of the "RICS Appraisal and Valuation Standards" 5th edition (ISBN 1842191233). | ||
| 520 | _aSupersedes first English and Welsh (ISBN 0854068414) and Scottish (ISBN 085406978X) editions. | ||
| 650 | 2 | 4 | _aRICS HOMEBUYER SURVEY AND VALUATION |
| 650 | 2 | 4 | _aRICS appraisal and valuation standards |
| 651 | 4 | _aGREAT BRITAIN | |
| 690 | _aPROPERTY-RESIDENTIAL PROPERTY-RESIDENTIAL PROPERTY APPRAISAL AND VALUATION | ||
| 942 | _n0 | ||
| 999 |
_c103640 _d103640 |
||